000 00736nam a22001817a 4500
005 20230912111630.0
010 _aHIN-125893
020 _a9788195767724
_c289.00
035 _aHN-98239
082 _a821
100 _aसिंहा,अंजु
_956311
245 _aजब मौन मुखर हो जाता है /
_cअंजु सिंहा,
260 _bनवरंग प्रिंटर्स
_c2022
_aमुज़फ्फरनगर
270 _a37-B, नई मंडी,
_bमुज़फ्फरनगर
_e251001
300 _a40 पृ.
_c22 सेमी.(अजिल्द)
700 _aआग्रवाल,दीपक
_955805
942 _2ddc
_cHN
_h821
_mसिंहाअ
999 _c198004
_d198004